MARC

Tag First Indicator Second Indicator Subfields
LEADER 00000cam a2200000Mi 4500
001 in00004799521
006 m o d
007 cr |||||||||||
008 090622s2009 enkab ob 000 0 eng d
005 20240725161208.1
035 |a (OCoLC)on1198078984 
040 |a EZ9  |b eng  |e pn  |c EZ9  |d OCLCO  |d OCLCF  |d STF  |d UNOMP  |d OCLCO  |d UKBRP  |d OCLCL 
020 |a 9781407334622  |q ebook 
020 |a 140733462X 
020 |a 9781407304533 
020 |a 1407304534 
024 7 |a 10.30861/9781407304533  |2 doi 
028 5 0 |a S1947  |b BAR Publishing 
035 |a (OCoLC)1198078984 
050 4 |a QL737.U55  |b P35 2009 
082 0 4 |a 998.2  |2 22 
049 |a TXAM 
100 1 |a Pasda, Kerstin. 
245 1 0 |a Osteometry and osteological age and sex determination of the Sisimiut reindeer population (Rangifer tarandus groenlandicus) /  |c Kerstin Pasda. 
264 1 |a Oxford :  |b British Archaeological Reports,  |c 2009. 
300 |a 1 online resource :  |b illustrations, maps. 
336 |a text  |b txt  |2 rdacontent 
337 |a computer  |b c  |2 rdamedia 
338 |a online resource  |b cr  |2 rdacarrier 
490 1 |a BAR international series ;  |v 1947. 
504 |a Includes bibliographical references. 
588 |a Description based on print version record. 
650 0 |a Excavations (Archaeology)  |z Greenland. 
650 0 |a Animal remains (Archaeology)  |x Sex determination. 
650 0 |a Reindeer  |x Age determination  |z Greenland. 
650 0 |a Reindeer  |z Greenland. 
651 0 |a Greenland  |x Antiquities. 
650 6 |a Fouilles (Archéologie)  |z Groenland. 
650 6 |a Restes d'animaux (Archéologie)  |x Détermination du sexe. 
651 6 |a Groenland  |x Antiquités. 
650 7 |a Animal remains (Archaeology)  |x Sex determination.  |2 fast  |0 (OCoLC)fst00809360 
650 7 |a Antiquities.  |2 fast  |0 (OCoLC)fst00810745 
650 7 |a Excavations (Archaeology)  |2 fast  |0 (OCoLC)fst00917564 
650 7 |a Reindeer.  |2 fast  |0 (OCoLC)fst01093416 
651 7 |a Greenland.  |2 fast  |0 (OCoLC)fst01205290  |1 https://id.oclc.org/worldcat/entity/E39PBJqvYRpxcqYcthtVYGtYfq 
655 7 |a Electronic books.  |2 local 
740 0 |a British Archaeological Reports. 
758 |i has work:  |a Osteometry, and osteological age and sex determination of the Sisimiut reindeer population (Rangifer tarandus groenlandicus) (Text)  |1 https://id.oclc.org/worldcat/entity/E39PCFrHmPTVRHgrCkpvqWJTwP  |4 https://id.oclc.org/worldcat/ontology/hasWork 
776 0 8 |i Print version :  |z 9781407304533. 
830 0 |a BAR international series ;  |v 1947. 
856 4 0 |u http://proxy.library.tamu.edu/login?url=https://doi.org/10.30861/9781407304533  |z Connect to the full text of this electronic book  |t 0 
955 |a Brtish Archaeological Reprts Pre-2020 
994 |a 92  |b TXA 
999 f f |s 47c862fd-7390-45b9-a50c-724a5a0e21f4  |i 44515813-59f9-4877-a4d4-564eb1799c2f  |t 0 
952 f f |a Texas A&M University  |b College Station  |c Electronic Resources  |d Available Online  |t 0  |e QL737.U55 P35 2009  |h Library of Congress classification 
998 f f |a QL737.U55 P35 2009  |t 0  |l Available Online